Pays ne contenant que les lettres les plus utilisées - Statistiques

Statistiques générales
  • Ce quiz a été pris 55 fois
  • Le résultat moyen est 6 sur 14
Statistiques - réponses
Pays % Correct
Russie
62%
Italie
60%
Iran
56%
Suisse
54%
Tunisie
54%
Lettonie
50%
Lituanie
50%
Estonie
46%
Australie
44%
États-Unis
44%
Israël
44%
Laos
33%
Nauru
29%
Sierra Leone
17%
Aucun quiz correspondant
Distribution des résultats
% des personnes avec chaque résultat
Percentile par nombre de réponses
Votre historique - résultats
Vous n’avez pas pris ce quiz